Detalles MARC
| 000 -CABECERA |
| campo de control de longitud fija |
03740nam a2200421 a 4500 |
| 001 - NÚMERO DE CONTROL |
| campo de control |
000001987 |
| 003 - IDENTIFICADOR DEL NÚMERO DE CONTROL |
| campo de control |
DO-SdBPM |
| 005 - FECHA Y HORA DE LA ÚLTIMA TRANSACCIÓN |
| campo de control |
20260225075221.0 |
| 007 - CAMPO FIJO DE DESCRIPCIÓN FÍSICA--INFORMACIÓN GENERAL |
| campo de control de longitud fija |
ta |
| 008 - DATOS DE LONGITUD FIJA--INFORMACIÓN GENERAL |
| campo de control de longitud fija |
090630s2007 dr 000 0 spa d |
| 020 ## - NÚMERO INTERNACIONAL ESTÁNDAR DEL LIBRO |
| Número Internacional Estándar del Libro |
9789945162059 |
| 040 ## - FUENTE DE LA CATALOGACIÓN |
| Centro catalogador/agencia de origen |
DO-SdBPM |
| Lengua de catalogación |
spa |
| Centro/agencia transcriptor |
BPMSU |
| Centro/agencia modificador |
rda |
| 082 04 - NÚMERO DE LA CLASIFICACIÓN DECIMAL DEWEY |
| Número de clasificación |
791.43 |
| Número de documento/Ítem |
V439m 2007 |
| Número de edición |
22 |
| 100 ## - ENTRADA PRINCIPAL--NOMBRE DE PERSONA |
| Nombre de persona |
Velleggia, Susana |
| Término indicativo de función/relación |
autor |
| Código de función/relación |
aut. |
| 245 13 - MENCIÓN DE TÍTULO |
| Título |
La máquina de la mirada : |
| Resto del título |
los movimientos cinematográficos de ruptura y el cine político latinoamericano en las encrucijadas de la historia / |
| Mención de responsabilidad, etc. |
Susana Villeggia ; edición Yaíma García Oramas. |
| 260 ## - PUBLICACIÓN, DISTRIBUCIÓN, ETC. |
| Fecha de publicación, distribución, etc. |
|
| 264 ## - PRODUCCIÓN, PUBLICACIÓN, DISTRIBUCIÓN, FABRICACIÓN Y COPYRIGHT |
| Producción, publicación, distribución, fabricación y copyright |
Santo Domingo : |
| Nombre del de productor, editor, distribuidor, fabricante |
Fundación del Nuevo Cine Latinoamericano, |
| Fecha de producción, publicación, distribución, fabricación o copyright |
2007 |
| 300 ## - DESCRIPCIÓN FÍSICA |
| Extensión |
410 páginas ; |
| Dimensiones |
24 cm. |
| 336 ## - TIPO DE CONTENIDO |
| Término de tipo de contenido |
texto |
| Código de tipo de contenido |
txt |
| Fuente |
rdacontent |
| 337 ## - TIPO DE MEDIO |
| Nombre/término del tipo de medio |
sin mediación |
| Código del tipo de medio |
n |
| Fuente |
rdamedia |
| 338 ## - TIPO DE SOPORTE |
| Nombre/término del tipo de soporte |
volumen |
| Código del tipo de soporte |
nc |
| Fuente |
rdacarrier |
| 500 ## - NOTA GENERAL |
| Nota general |
Incluye referencias bibliográficas y notas al pie de las páginas |
| 504 ## - NOTA DE BIBLIOGRAFÍA, ETC. |
| Nota de bibliografía, etc. |
Bibliografía : páginas 227-265 |
| 505 0# - NOTA DE CONTENIDO CON FORMATO |
| Nota de contenido con formato |
Palabras preliminares / Pedro Rivera, 5.-- Introducción, 11.-- El cine, de juguete maravilloso a industria, 23.-- Del imaginario a la imagen en movimiento, 25.-- Cine e imaginario moderno, 33.-- Cine y metrópoli, 40.-- La dimensión histórica del cine, 43.-- Cine y cambio social, 48.-- De las vanguardias artísticas a las masas, 48.-- Del poder de la imagen al poder del imaginario, 56.-- De la impronta de la realidad al mito del realismo absoluto. El cine en los conflictos de la historia, 63.-- La preocupación humana por el sentido de la realidad y el arte realista, 65.-- Entre la prudencia de la razón y la desmesura del realismo, 68.-- La obsesión por el realismo absoluto en el cine, 70.-- La ficción realista del conflicto y los nuevos verosímiles, 73.-- La industria descubre que la realidad es redituable, 73.-- El cine soviético clásico y el ideal de realismo revolucionario, 75.-- La problematización del realismo de la mano de los movimientos de ruptura, 83.-- El neorrealismo italiano. La realidad histórica como historia fílmica, 89.-- El cine de autor francés, crisis de la conciencia individual y crisis del sentido del mundo, 101.-- Las imágenes buscan su imaginario en los conflictos de la historia, 115.-- El documental: continuidades y rupturas, 117.-- Los precursores, 117.-- El cine político y el cine político-militante, una aproximación conceptual, 129.-- La negación del verosímil fílmico por la apetencia de verdad, 136.-- Aires de renovación en las pantallas del mundo, los "nuevos cines", 143.-- Los movimientos contra-culturales de los 60, 143.-- Nuevos cines y cambio tecnológico: las paradojas de la historia, 146.-- Una misión peligrosa: el cine de intervención política en América Latina, 171.-- Punto de partida, 173.-- Los primeros pasos, 180.-- El cine latinoamericano en la búsqueda de su propia historia, 181.-- Principales aportes de la teoría del cine en América Latina, 189.-- Los conceptos de cine en juego, 200.-- Epilogo, 251.-- Bibliografía, 257.-- Anexos. Documentos del cine político latinoamericano (1967-1977), 267. |
| 586 ## - NOTA DE PREMIOS |
| Nota de premios |
Premio de Ensayo Sobre Cine Iberoamericano y el Caribe, 2007 |
| 590 ## - NOTA LOCAL (RLIN) |
| Nota local |
Inventariado, 2026/VM |
| 650 #7 - PUNTO DE ACCESO ADICIONAL DE MATERIA--TÉRMINO DE MATERIA |
| Término de materia o nombre geográfico como elemento de entrada |
Cinematografía |
| Subdivisión general |
Historia |
| Subdivisión geográfica |
América Látina |
| 650 #7 - PUNTO DE ACCESO ADICIONAL DE MATERIA--TÉRMINO DE MATERIA |
| Término de materia o nombre geográfico como elemento de entrada |
Cine |
| Subdivisión geográfica |
América Látina |
| Subdivisión general |
Aspectos políticos |
| 650 #4 - PUNTO DE ACCESO ADICIONAL DE MATERIA--TÉRMINO DE MATERIA |
| Término de materia o nombre geográfico como elemento de entrada |
Cine |
| Subdivisión geográfica |
América Látina |
| Subdivisión general |
Aspectos sociales |
| 650 #7 - PUNTO DE ACCESO ADICIONAL DE MATERIA--TÉRMINO DE MATERIA |
| Término de materia o nombre geográfico como elemento de entrada |
Industria cinematográfica |
| 650 z# - PUNTO DE ACCESO ADICIONAL DE MATERIA--TÉRMINO DE MATERIA |
| Término de materia o nombre geográfico como elemento de entrada |
Motion picture industry |
| 650 z# - PUNTO DE ACCESO ADICIONAL DE MATERIA--TÉRMINO DE MATERIA |
| Término de materia o nombre geográfico como elemento de entrada |
Moving-picture industry |
| 650 z# - PUNTO DE ACCESO ADICIONAL DE MATERIA--TÉRMINO DE MATERIA |
| Término de materia o nombre geográfico como elemento de entrada |
Moving-picture industry |
| 700 1# - PUNTO DE ACCESO ADICIONAL--NOMBRE DE PERSONA |
| Nombre de persona |
García Oramas, Yaíma, |
| Término indicativo de función/relación |
editor |
| 710 1# - PUNTO DE ACCESO ADICIONAL--NOMBRE DE ENTIDAD CORPORATIVA |
| Nombre de entidad corporativa o nombre de jurisdicción como elemento de entrada |
República Dominicana. |
| Unidad subordinada |
Secretaría de Estado de Cultura. |
| 910 ## - DATOS DE OPCIÓN DEL USUARIO (OCLC) |
| Datos de opción del usuario |
VMateo V. Control de calidad. BPMSU |
| 942 ## - ELEMENTOS DE PUNTO DE ACCESO ADICIONAL (KOHA) |
| Fuente del sistema de clasificación o colocación |
Dewey Decimal Classification |
| Tipo de ítem Koha |
Libros |